Culture Brawl Stars - Statistiques

Statistiques générales
  • Ce quiz a été pris 131 fois
  • Le résultat moyen est 8 sur 15
Statistiques - réponses
Question Reponse % Correct
Quel Brawler est une bande d'arcade ? Arkad
95%
Quelle Brawler est connu sa sombre personalité et ses cartes ? Tara
82%
Quel Brawler est le seul a avoir la capacité de revivre ? Doug
79%
Quel Brawler est sorti gratuitement pour les fêtes de fin d'année en 2020 ? Edgar
79%
Comment appelle t-on quelqu'un qui est très fort et qui en anglais signifie chèvre ? Goat
77%
A quelle mois Brawl Stars est sorti globalement ? Decembre
76%
Quelle Brawler est connu pour etre la biologiste du jeu ? Rosa
71%
Romain __ Live Dot
70%
Quel Brawler est le seul a chargé son super en un seul coup ( si les deux projectiles touche ) ? Stu
70%
H _ _ _ L E ( indice : ils ont gagnés les world 2024 ) Umb
35%
Quel est la seule equipe e-sport qualifiée au monthly finals commence par T ? Totem
29%
" Ne me parlez pas ______ mais parlez moi Brawl Talk et je suis votre homme " ;) PERIADO Mariage
27%
Quel youtubeur est connu comme le maitre du lore de Brawl Stars Français ? ( surtout en 2020 - 2022 ) Blarod
25%
Qui fut le premier a atteindre les 200K trophées à son si petit âge ? Adonis
12%
Quelle monnaie qui fut supprimé en 2020 servait à jouer en combat de Boss ? Tiquet
4%
Aucun quiz correspondant
Distribution des résultats
% des personnes avec chaque résultat
Percentile par nombre de réponses
Votre historique - résultats
Vous n’avez pas pris ce quiz